| 000 | 00663nam a2200205 i 4500 | ||
|---|---|---|---|
| 001 | 61228 | ||
| 003 | ES-MaACL | ||
| 007 | t| | ||
| 008 | 031111s1980 sp ||||1| spa d | ||
| 100 | 1 |
_aEysenck, Hans Jurgen. _948453 |
|
| 245 | 1 | 3 |
_aEl estudio experimental de las teorías freudianas / _cHans J. Eysenck y Glenn D. Wilson ; versión de Umberto Miranda. |
| 260 |
_a[Madrid] : _bAlianza, _c[1980] |
||
| 300 |
_a433 p. : _bil. ; _c20 cm. |
||
| 490 | 1 | _aAlianza universidad | |
| 700 | 1 |
_aWilson, Glenn D. _9117028 |
|
| 700 | 1 |
_aMiranda, Umberto. _981538 |
|
| 830 | 0 |
_aAlianza universidad _9177276 |
|
| 852 |
_aES-MaACL _jL-691 _bR.101095 |
||
| 999 |
_c61228 _d61228 |
||